00374nam a2200133Ia 4500003000400000005001700004008004100021040001600062082001700078100002000095245005300115260004300168650002900211GCL20240530100406.0140319s9999 xx 000 0 eng d aGCL / cGCL04a778.535bJ F1 aJENKIS, PHILIP.10aFOCAL GUIDE TO MOVIE TITLING / cJENKIS, PHILIP. a[S.N] : bFOCAL PRESS LIMTED ، c198004aMOVING PICTURE - TITLING